000 01338nam a2200313 i 4500
001 bg
100 _aJurga, Andrzej.
245 1 0 _aRoboty wykończeniowe.
_nZ. 9,
_pOsadzanie i odbiór bram garażowych segmentowych z napędem elektromechanicznym /
_cInstytut Techniki Budowlanej ; [aut.: Andrzej Jurga].
260 _aWarszawa :
_bInstytut Techniki Budowlanej,
_c2007.
300 _a46, [2] s. :
_brys. ;
_c24 cm.
490 1 _aInstrukcje, Wytyczne, Poradniki / Instytut Techniki Budowlanej ;
_aWarunki techniczne wykonania i odbioru robót budowlanych ;
_v430/2007
_vcz. B
490 1 _aWarunki techniczne wykonania i odbioru robót budowlanych ;
_vcz. B
504 _aWykaz aktów prawnych i norm s. 11-15.
650 9 _aDrzwi
_xmontaż
_xnormalizacja
_zPolska
650 9 _aGaraże
655 _aInstrukcje
710 2 _aInstytut Techniki Budowlanej
830 0 _aInstrukcje, Wytyczne, Poradniki - Instytut Techniki Budowlanej ;
_v430/2007
830 _aWarunki techniczne wykonania i odbioru robót budowlanych ;
020 _a8373706607 (całość)
020 _a9878324909513 (zeszyt)
040 _cBPK
041 0 _apol
044 _aPOL
080 _a692.8:006.3/.8](438)
942 _cKS
008 s pl f |000 0 pol
999 _c54668
_d54668
856 _uhttp://koha.tu.koszalin.pl/cgi-bin/koha/opac-detail.pl?biblionumber=54668
_yKatalog online BPK